Guess the Taylor Swift song by the first line #1 - Statistics

General Stats
  • This quiz has been taken 5,226 times
    5,223 since last reset
  • The average score is 13 of 15
Answer Stats
First line Song % Correct
" You're on the phone with your girlfriend, she's upset " You Belong With Me (Taylor’s Version) - Fearless (Taylor's Version)
99%
" We were both young when I first saw you " Love Story (Taylor’s Version) - Fearless (Taylor’s Version)
97%
" We could leave the Christmas lights up 'til January " Lover - Lover
96%
" Midnight, you come and pick me up, no headlights " Style - 1989
96%
" It feels like a perfect night, to dress up like hipsters " 22 (Taylor’s Version) - Red (Taylor’s Version)
95%
" Vintage tee, brand new phone, high heels on cobblestones " cardigan - folklore
93%
" I don't like your little games, don't like your tilted stage " Look What You Made Me Do - reputation
92%
" Salt air, and the rust on your door, I never needed anything more " august - folklore
90%
" Loving him is like driving a new Maserati down a dead-end street " Red (Taylor’s Version) - Red (Taylor’s Version)
90%
" Knew he was a killer first time that I saw him " ...Ready for It? - reputation
86%
" There I was again tonight, forcing laughter, faking smiles " Enchanted - Speak Now
83%
" You are somebody that I don't know, but you're takin' shots at me like it's Patrón " You Need To Calm Down - Lover
83%
" I'm like the water when your ship rolled in that night " willow - evermore
80%
" We're all bored, we're all so tired of everything " New Romantics - 1989
79%
" Walking through a crowd, the village is aglow " Welcome to New York - 1989
62%
No matching quizzes found
Score Distribution
Percent of People with Each Score
Percentile by Number Answered
Your Score History
You have not taken this quiz since the last reset